Statistiques concernant Les villes dans Pokémon (FR)

Cliquez ici pour prendre le quiz!

Statistiques générales

  • Ce quiz a été pris 98 fois
    (33 depuis la dernière actualisation)
  • Le résultat moyen est 67 sur 122

Statistiques - réponses

Réponses% Correct
Bourg-Palette
88%
Clémenti-Ville
82%
Lavanville
82%
Bourg Geon
76%
Janusia
76%
Lavandia
76%
Safrania
76%
Argenta
71%
Azuria
71%
Céladopole
71%
Cimetronelle
71%
Cramois'Île
71%
Doublonville
71%
Ebènelle
71%
Féli-Cité
71%
Floraville
71%
Frimapic
71%
Illumis
71%
Jadielle
71%
Parmanie
71%
Poivressel
71%
Vestigion
71%
Volucité
71%
Acajou
65%
Bonville
65%
Bourg-en-Vol
65%
Carmin-sur-Mer
65%
Célestia
65%
Charbourg
65%
Ecorcia
65%
Forêt Blanche
65%
Irisia
65%
Littorella
65%
Mauville
65%
Mérouville
65%
Myokara
65%
Nénucrique
65%
Oliville
65%
Rosalia
65%
Rosyères
65%
Unionpolis
65%
Verchamps
65%
Ville Griotte
65%
Ville Noire
65%
Aire de Combat
59%
Aire de Détente
59%
Aire de Survie
59%
Algatia
59%
Atalanopolis
59%
Auffrac-les-Congères
59%
Autéquia
59%
Bonaugure
59%
Bourg Croquis
59%
Eternara
59%
Joliberges
59%
Maillard
59%
Méanville
59%
Motorby
59%
Pacifiville
59%
Parsemille
59%
Rivamar
59%
Vergazon
59%
Voilaroc
59%
Ekaeka
53%
Entrelasque
53%
Fort-Vanitas
53%
La Frescale
53%
Lili'i
53%
Neuvartault
53%
Ogoesse
53%
Papeloa
53%
Port Yoneuve
53%
Quarellis
53%
Renouet
53%
Vaguelone
53%
Vermilava
53%
Amaillide
47%
Arpentières
47%
Brasswick
47%
Cromlac'h
47%
Flocombe
47%
Flusselles
47%
Kickenham
47%
Kokohio
47%
Konikoni
47%
Malié
47%
Mozheim
47%
Old Chister
47%
Pavonnay
47%
Port Tempères
47%
Roche-sur-Gliffe
47%
Romant-sous-Bois
47%
Rotombourg
47%
Smashings
47%
Village Flottant
47%
Village Toko
47%
Winscor
47%
Arabelle
41%
Batisques
41%
Corrifey
41%
Frigao
41%
Greenbury
41%
Ho'ohale
41%
Ohana
41%
Ondes-sur-Mer
41%
Paddoxton
41%
Relifac-le-Haut
41%
Skifford
41%
Yantreizh
41%
Cuchalaga
35%
Levalendura
35%
Ludester
35%
Mesaledo
35%
Cuencia
29%
Plato Real
24%
Porto Marinada
24%
Rusti-Cité
24%
Alforneira
18%
Jarramanca
18%
Mezclamora
18%
Pinchoria
18%
Sevaro
18%

Distribution des résultats

Percentile par nombre de réponses

% des personnes avec chaque résultat

Votre développement - résultats

Vous n’avez pas pris ce quiz depuis la dernière actualisation